Truyện cười dân gian Việt Nam hay nhất
Gorde:
| Egile nagusia: | |
|---|---|
| Formatua: | Liburua |
| Argitaratua: |
Hà Nội
Văn hóa thông tin
2013
|
| Gaiak: | |
| Etiketak: |
Etiketa erantsi
Etiketarik gabe, Izan zaitez lehena erregistro honi etiketa jartzen!
|
| Thư viện lưu trữ: | Trung tâm Học liệu Lê Vũ Hùng, Trường Đại học Đồng Tháp |
|---|
| LEADER | 00816pam a22002898a 4500 | ||
|---|---|---|---|
| 001 | 00035739 | ||
| 005 | 20171026081025.0 | ||
| 008 | 161228s2013 ||||||Viesd | ||
| 020 | |c 42000 | ||
| 041 | 0 | # | |a Vie |
| 082 | 1 | 4 | |a 398.209 597 |b TR527C |
| 100 | 1 | # | |a Mai, Ngọc Lan |e Tuyển chọn |
| 245 | 0 | 0 | |a Truyện cười dân gian Việt Nam hay nhất |c Mai Ngọc Lan |
| 260 | # | # | |a Hà Nội |b Văn hóa thông tin |c 2013 |
| 300 | # | # | |a 320tr. |c 19 cm. |
| 653 | # | # | |a Truyện cười |
| 653 | # | # | |a Việt Nam |
| 653 | # | # | |a Văn học Dân gia |
| 852 | # | # | |b Kho đọc |j KD.0017611 |
| 852 | # | # | |j KD.0017611 |
| 910 | 0 | # | |d 28/12/2016 |
| 980 | # | # | |a Trung tâm Học liệu Lê Vũ Hùng, Trường Đại học Đồng Tháp |